00447nam a2200157Ia 4500999001500000003000400015005001700019008004100036040000900077082001500086100002700101245005900128260005700187300000900244942003600253 c4014d4014OSt20200120123122.0190216s9999||||xx |||||||||||||| ||und|| coclc a658bDAV/B a Davar, Sohrab R91340 0aBusiness Organisation And Management /cSohrab R Davar bProgressive Corperation Private Ltd,c1977.aBombay: a991p cBK2ddch658iDAV/Bk658mDAV/B